000 00636cam a2200229 a 4500
001 000008873
005 20200929161429.0
008 920417s1979 cu a 000 f spa d
040 _aDO-SdBNP
_dBNPHU
082 _aCu863.4
_bC297co
100 1 _aCarpentier, Alejo,
_d1904-1980.
_98634
245 1 0 _aConcierto barroco /
_cAlejo Carpentier.
260 _aLa Habana :
_bLetras Cubanas,
_c1979.
300 _a93 p. :
_bil. ;
_c19 cm.
490 1 _aAcuje
650 4 _aNovela cubana
_92316
650 4 _aLiteratura cubana
_ySIGLO XX
_99186
830 0 _aAcuje
_923426
910 _aCatalogación derivada
910 _aWM
049 _aBNGR
999 _c8642
_d8642